| 000 | 01422nam a22003731i 4500 | ||
|---|---|---|---|
| 001 | 015827918 | ||
| 003 | EG-ScBUE | ||
| 005 | 20241222110549.0 | ||
| 008 | 120223t2011 maua f b 001 0 eng d | ||
| 020 | _a0273751441 (pbk.) | ||
| 020 | _a9780273751441 (pbk.) | ||
| 040 |
_aEG-ScBUE _beng _erda _cEG-ScBUE _dEG-ScBUE |
||
| 082 | 0 | 4 |
_a526.9 _222 _bGHI |
| 100 | 1 |
_aGhilani, Charles D., _eauthor. _932635 |
|
| 245 | 1 | 0 |
_aElementary surveying : _ban introduction to geomatics / _cCharles D. Ghilani, The Pennsylvania State University, Paul R. Wolf, professor emeritus, civil and environmental engineering, University of Wisconsin-Madison, ; contributions by K. Srinivasa Raju, Anna University-Chennai. |
| 250 | _aThirteenth edition. | ||
| 250 | _aInternational edition. | ||
| 264 | 1 |
_aBoston, United States : _bPearson Prentice Hall, _c[2011] |
|
| 264 | 4 | _cc2011 | |
| 300 |
_a978 pages : _billustrations ; _c23 cm |
||
| 336 |
_2rdacontent _atext _btxt |
||
| 337 |
_aunmediated _2rdamedia _bn |
||
| 338 |
_avolume _bnc _2rdacarrier |
||
| 504 | _aIncludes bibliographical references and index. | ||
| 650 | 7 |
_aSurveying. _932636 _2BUEsh |
|
| 650 | 7 |
_aGeomatics. _932637 _2BUEsh |
|
| 651 | _2BUEsh | ||
| 653 | _cFebruary2013 | ||
| 653 |
_cNovember2013 _cDecember2013 |
||
| 655 |
_vReading book _934232 |
||
| 700 | 1 |
_aWolf, Paul R., _eauthor. _932638 |
|
| 700 | 1 |
_aSrinivasa Raju, K., _eauthor. _932639 |
|
| 942 |
_2ddc _cBB |
||
| 999 |
_c17303 _d17275 |
||